Cluster Analysis of Creative Industries in the Regions and Districts of Slovakia
Rozdelenie Slovenska na klastre podľa vybraných ekonomických ukazovateľov kreatívneho priemyslu. Identifikácia rozdielov v ekonomickej výkonnosti a platoch zamestnancov v kreatívnych odvetviach, sústredených v jednotlivých regiónoch Slovenska.
Gespeichert in:
| 1. Verfasser: | |
|---|---|
| Format: | Buchkapitel |
| Sprache: | Englisch |
| Schlagworte: | |
| Tags: |
Keine Tags, Fügen Sie das erste Tag hinzu!
|
MARC
| LEADER | 00000nla a2200000 4500 | ||
|---|---|---|---|
| 001 | 0247792 | ||
| 005 | 20260225111637.9 | ||
| 041 | 0 | |a eng | |
| 044 | |a RO | ||
| 245 | 1 | 0 | |a Cluster Analysis of Creative Industries in the Regions and Districts of Slovakia |c Kristína Baculáková |
| 520 | |a Rozdelenie Slovenska na klastre podľa vybraných ekonomických ukazovateľov kreatívneho priemyslu. Identifikácia rozdielov v ekonomickej výkonnosti a platoch zamestnancov v kreatívnych odvetviach, sústredených v jednotlivých regiónoch Slovenska. | ||
| 610 | 2 | 0 | |a priemysel kreatívny |
| 610 | 2 | 0 | |a kreativita |
| 610 | 2 | 0 | |a ekonomika kreatívna |
| 610 | 2 | 0 | |a regióny |
| 610 | 2 | 0 | |a klaster |
| 610 | 2 | 0 | |a zamestnanci |
| 610 | 2 | 0 | |a mzdy |
| 610 | 2 | 0 | |a výkonnosť ekonomiky |
| 610 | 2 | 0 | |a analýza zhluková |
| 610 | 2 | 0 | |a Slovensko |
| 100 | 1 | |a Baculáková, Kristína, 1988- | |